Statistics for Diana Ross Charting Songs (Billboard Club Play)

Click here to take the quiz!

General Stats

  • This quiz has been taken 2 times
  • The average score is 9 of 21

Answer Stats

AlbumWeeks OnPeakArtist(s)Song% Correct
Diana22 Weeks#1 (5 Weeks)Diana RossI'm Coming Out / Upside Down
100%
Supertonic: Mixes12 Weeks#1 (1 Week)Diana RossI'm Coming Out / Upside Down 2018
100%
The Boss26 Weeks#1 (2 Weeks)Diana RossThe Boss
100%
Supertonic: Mixes11 Weeks#1 (1 Week)Diana RossThe Boss 2019
100%
Diamond Diana: The Legacy Collection / Supertonic: Mixes14 Weeks#1 (1 Week)Diana RossAin't No Mountain High Enough 2017
50%
Eaten Alive10 Weeks#3Diana RossEaten Alive
50%
Why Do Fools Fall In Love?20 Weeks#14Diana RossMIRROR MIRROR / WORK THAT BODY
50%
Non-Album Single10 Weeks#11Diana RossParadise
50%
Swept Away14 Weeks#1 (2 Weeks)Diana RossSwept Away
50%
Take Me Higher16 Weeks#1 (1 Week)Diana RossTake Me Higher
50%
Every Day is a New Day13 Weeks#2Diana RossUntil We Meet Again
50%
Workin' Overtime
8 Weeks#11Diana RossWorkin' Overtime
50%
Baby It's Me18 Weeks#15Diana RossYOUR LOVE IS SO GOOD FOR ME / TOP OF THE WORLD
50%
Non-Album Single8 Weeks#7Diana RossChain Reaction
0%
Take Me Higher7 Weeks#37Diana RossI Will Survive
0%
Thank God It's Friday / Ross6 Weeks#35Diana RossLivin', Lovin' and Givin' / What You Gave Me
0%
Supertonic: Mixes9 Weeks#1 (1 Week)Diana RossLove Hangover 2020
0%
Non-Album Single9 Weeks#3Diana RossLove Hangover '89
0%
Motown Superstar Series, Volume 116 Weeks#46Diana Ross & The SupremesMEDLEY OF HITS
0%
Ross10 Weeks#17Diana RossPieces of Ice
0%
The Force Behind the Power8 Weeks#24Diana RossYou're Gonna Love It
0%

Score Distribution

Percentile by Number Answered

Percent of People with Each Score

Your Score History

You have not taken this quiz